01758nam a2200349 i 4500003000900000005001700009008004100026017001400067020001800081040004600099041000800145082002600153092000700179099003800186100006500224245016000289246008500449264007400534300003100608336002200639337002400661338003300685504006300718546011600781650006200897856005700959905000701016942001901023999001701042952017501059952017401234EG-GICUC20260121101545.0251229s2010    ua	||||fr|||| 00| 0 ara d  a200920498  a9789773286557  a EG-GICUCbarac EG-GICUCd EG-GICUCerda  aara04221a343.6bط ا . ع04221  aLaw1 10	343.6   ط ا . ع  2010 0 aطارق ابراهيم الدسوقى عطيهeمؤلف.10aعولمة الجريمة :bالشراكة العالمية فى الممارسات الاجرامية /cطارق ابراهيم الدسوقى عطيه.  aMondialisation de la crime :bla participation mondial les pratiques criminelis. 1aالاسكندرية :bدار الجامعة الجديدة،c2010.  a583 صفحة ؛ c24 سم.  2rda contentatext  2rda mediaaComputer  2rda carrieraOnline Resource  aيحتوي على اراجاعات ببليوجرافية
  aالنص أغلبه باللغة العربية بعض النصوص الإنجليزية والفرنسية14aعلم الإجرامxالقانون الجنائي 40uhttps://fll.law.cu.edu.eg/fulltext/bks/B10-07344.pdf  a75  2ddccBKe21n0  c52993d52993  00102ddc40718القانون الجنائيaCUbLAW1d2025-12-29l0oLaw1 10	343.6   ط ا . ع  2010  1007344	C1pB10-07344r2025-12-29 15:07:17t1w2025-12-29yBK  00102ddc40708القانون الجنائيaCUbLAW1d2025-12-29l0oLaw1 10	343.6   ط ا . ع  2010 1007345	C2pB10-07345r2025-12-29 15:07:41t2w2025-12-29yBK